000 00770nam a2200205Ii 4500
003 JO-AjNU
008 230605s9999||||xx |||||||||||||| ||und||
040 _aJO-AjNU
_bara
_erda
_cJO-AjNU
041 _aara
050 1 4 _aPJ7631.R32 1984
100 3 _aتأليف الرباعي،عبد القادر,
_eauthor
_945405
245 0 0 _aالصورة الفنية في النقد الشعري: دراسة في النظرية والتطبيق
250 _aط1
264 3 1 _aالرياض:دار العلوم للطباعة والنشر،1984
300 _a272ص
336 _atext
_btxt
_2rdacontent
337 _aunmediated
_bn
_2rdamedia
338 _avolume
_bnc
_2rdacarrier
650 4 _aالشعر العربي - تاريخ ونقد - القرن العشرين
_945406
999 _aA19679
_c23247
_d23247